Normal view MARC view
  • Lembaga Penyelidikan Undang-Undang

Entry Corporate Name

Number of records used in: 1

001 - CONTROL NUMBER

  • control field: 8375

003 - CONTROL NUMBER IDENTIFIER

  • control field: OSt

005 - DATE AND TIME OF LATEST TRANSACTION

  • control field: 20170526160149.0

008 - FIXED-LENGTH DATA ELEMENTS

  • fixed length control field: 170526|| aca||aabn | a|a d

040 ## - CATALOGING SOURCE

  • Original cataloging agency: OSt
  • Transcribing agency: OSt

110 ## - HEADING--CORPORATE NAME

  • Corporate name or jurisdiction name as entry element: Lembaga Penyelidikan Undang-Undang

670 ## - SOURCE DATA FOUND

  • Source citation: Work cat.: (OSt)0: Malaysia 400, Communications and Multimedia act 1998 (Act 588) & Regulations and Malaysian Communications and Multimedia Commission Act 1998 (Act 589) (As at 1st November 2003) /, 2003
Pusat Sumber Maklumat Dato' Haji Sarmin Md Hussin, Akademi Kastam Diraja Malaysia, Melaka
Tel: 06-2331106 | Faks: 06-2313787